000 00791nam a2200253Ia 4500
003 OSt
005 20220918224423.0
006 a|||||r|||| 00| 0
007 ta
008 220917b |||||||| |||| 00| 0 eng d
024 _a228,993
037 _cTextual
040 _aARTS
_cARTS
_beng
041 _2eng
_aeng
082 _aW6:(Q7), P6
100 _aMuqtedar Khan M A Ed.
_9147991
245 0 _aIslamic democratic discourse
_b theory, debates, and philosophical perpectives
260 _aLanham
_bLexington Books
_c2006
300 _axxi, 271p.
_ccm.
490 _aGlobal encounters : studies in comparative political theory
650 _aPOLITICAL SCIENCE; DEMOCRACY
_915468
942 _hW6:(Q7), P6
_cTEXL
_2CC
999 _c281215
_d281215